Statistics for NFL: Top 3 Most Receptions in Each Draft Round (2020)

Click here to take the quiz!

General Stats

  • This quiz has been taken 35 times
  • The average score is 9 of 25

Answer Stats

Round#PlayerCatchesCollege% Correct
First Round22ndJustin Jefferson196LSU
96%
First Round17thCeeDee Lamb153Oklahoma
81%
Second Round33rdTee Higgins141Clemson
67%
First Round25thBrandon Aiyuk116Arizona State
59%
Second Round49thChase Claypool121Notre Dame
59%
Sixth Round187thDonovan Peoples-Jones48Michigan
48%
Second Round34thMichael Pittman Jr.128USC
44%
Second Round42ndLaviska Shenault Jr.121Colorado
41%
Fifth Round161stTyler Johnson48Minnesota
41%
Third Round81stBryan Edwards45South Carolina
37%
Fifth Round173rdDarnell Mooney142Tulane
33%
Third Round92ndDevin Duvernay53Texas
33%
Fourth Round128thGabriel Davis70UCF
30%
Fourth Round115thHarrison Bryant45Florida Atlantic
30%
Seventh Round220thK.J. Hill10Ohio State
30%
Sixth Round200thQuez Watkins50Southern Miss
26%
Third Round66thAntonio Gibson78East Central / Memphis
22%
Fourth Round118thAlbert Okwuegbunam44Missouri
19%
Sixth Round214thFreddie Swain38Florida
19%
Seventh Round217thJauan Jennings24Tennessee
19%
Fifth Round176thK.J. Osborn50Buffalo / Miami
19%
UndraftedN/AMarquez Callaway67Tennessee
19%
UndraftedN/AJames Robinson80Illinois State
11%
UndraftedN/AJaMycal Hasty30Baylor
11%
Seventh Round246thMalcolm Perry9Navy
11%

Score Distribution

Percentile by Number Answered

Percent of People with Each Score

Your Score History

You have not taken this quiz